<?xml version="1.0" encoding="UTF-8"?><?xml-stylesheet type="text/xsl" href="static/style.xsl"?><OAI-PMH xmlns="http://www.openarchives.org/OAI/2.0/" xmlns:xsi="http://www.w3.org/2001/XMLSchema-instance" xsi:schemaLocation="http://www.openarchives.org/OAI/2.0/ http://www.openarchives.org/OAI/2.0/OAI-PMH.xsd"><responseDate>2026-06-07T15:51:46Z</responseDate><request verb="GetRecord" identifier="oai:docta.ucm.es:20.500.14352/107304" metadataPrefix="marc">https://docta.ucm.es/rest/oai/request</request><GetRecord><record><header><identifier>oai:docta.ucm.es:20.500.14352/107304</identifier><datestamp>2025-09-01T17:31:16Z</datestamp><setSpec>com_20.500.14352_14</setSpec><setSpec>col_20.500.14352_15</setSpec></header><metadata><record xmlns="http://www.loc.gov/MARC21/slim" xmlns:dcterms="http://purl.org/dc/terms/" xmlns:xsi="http://www.w3.org/2001/XMLSchema-instance" xmlns:doc="http://www.lyncode.com/xoai" xsi:schemaLocation="http://www.loc.gov/MARC21/slim http://www.loc.gov/standards/marcxml/schema/MARC21slim.xsd">
   <leader>00925njm 22002777a 4500</leader>
   <datafield ind2=" " ind1=" " tag="042">
      <subfield code="a">dc</subfield>
   </datafield>
   <datafield ind2=" " ind1=" " tag="720">
      <subfield code="a">Pulido Ortega, Federico</subfield>
      <subfield code="e">author</subfield>
   </datafield>
   <datafield ind2=" " ind1=" " tag="720">
      <subfield code="a">Rubio García, Rafael</subfield>
      <subfield code="e">author</subfield>
   </datafield>
   <datafield ind2=" " ind1=" " tag="720">
      <subfield code="a">Norton, Michael</subfield>
      <subfield code="e">author</subfield>
   </datafield>
   <datafield ind2=" " ind1=" " tag="260">
      <subfield code="c">2008</subfield>
   </datafield>
   <datafield ind2=" " ind1=" " tag="520">
      <subfield code="a">Background: Prior attempts to reduce the number of drugs needed to maintain viral suppression in patients with suppressed HIV replication while receiving three antiretroviral drugs have been unsuccessful.

Methods: In 205 patients with suppressed HIV replication on lopinavir-ritonavir and two nucleosides, this randomized, open-label, non-inferiority clinical trial compared the strategies of continuation of triple therapy versus lopinavir-ritonavir monotherapy followed by reinduction with two nucleosides if virological rebound occurred without genotypic resistance to lopinavir-ritonavir. The primary endpoint was proportion of patients without therapeutic failure, defined as confirmed HIV RNA higher than 500 copies/mL (with exclusion of patients receiving monotherapy who resuppressed to &lt; 50 copies/mL after resuming baseline nucleosides), or loss to follow-up, or change of randomized therapy other than reinduction.

Results: At week 48, the percentage of patients without therapeutic failure was 94% in the monotherapy group versus 90% in the triple therapy group (difference,-4%; upper limit of 95% confidence interval for difference, 3.4%). The percentage of patients with HIV RNA 50 copies/mL at 48 weeks by intention-to-treat, missing data or reinductions considered as failures, were 85% in the monotherapy group versus 90% in the triple therapy group (P = 0.31; 95% upper limit of 95% confidence interval for difference, 14%).

Conclusion: In this trial, 48 weeks of lopinavir-ritonavir monotherapy with reintroduction of nucleosides as needed was non-inferior to continuation of two nucleosides and lopinavir-ritonavir in patients with prior stable suppression. However, episodes of low level viremia were more common in patients receiving monotherapy.</subfield>
   </datafield>
   <datafield ind1="8" ind2=" " tag="024">
      <subfield code="a">Pulido F, Arribas JR, Delgado R, Cabrero E, González-García J, Pérez-Elias MJ, Arranz A, Portilla J, Pasquau J, Iribarren JA, Rubio R, Norton M; OK04 Study Group. Lopinavir-ritonavir monotherapy versus lopinavir-ritonavir and two nucleosides for maintenance therapy of HIV. AIDS. 2008 Jan 11;22(2):F1-9</subfield>
   </datafield>
   <datafield ind1="8" ind2=" " tag="024">
      <subfield code="a">0269-9370</subfield>
   </datafield>
   <datafield ind1="8" ind2=" " tag="024">
      <subfield code="a">10.1097/QAD.0b013e3282f4243b</subfield>
   </datafield>
   <datafield ind1="8" ind2=" " tag="024">
      <subfield code="a">https://hdl.handle.net/20.500.14352/107304</subfield>
   </datafield>
   <datafield ind1="8" ind2=" " tag="024">
      <subfield code="a">https://doi.org/10.1097/QAD.0b013e3282f4243b</subfield>
   </datafield>
   <datafield ind1="8" ind2=" " tag="024">
      <subfield code="a">18097218</subfield>
   </datafield>
   <datafield ind1="8" ind2=" " tag="024">
      <subfield code="a">https://journals.lww.com/aidsonline/abstract/2008/01110/lopinavir_ritonavir_monotherapy_versus.1.aspx</subfield>
   </datafield>
   <datafield ind2="0" ind1="0" tag="245">
      <subfield code="a">Lopinavir-ritonavir monotherapy versus lopinavir-ritonavir and two nucleosides for maintenance therapy of HIV</subfield>
   </datafield>
</record></metadata></record></GetRecord></OAI-PMH>